LEADER 01711nam 2200493 450 001 9910797333903321 005 20230801234615.0 010 $a88-921-5173-8 035 $a(CKB)3710000000453286 035 $a(EBL)2098646 035 $a(SSID)ssj0001576139 035 $a(PQKBManifestationID)16245215 035 $a(PQKBTitleCode)TC0001576139 035 $a(PQKBWorkID)14854659 035 $a(PQKB)10150716 035 $a(MiAaPQ)EBC2098646 035 $a(EXLCZ)993710000000453286 100 $a20150730h20122012 uy 0 101 0 $aita 135 $aur|n|---||||| 181 $ctxt 182 $cc 183 $acr 200 10$aContro il paternalismo giuridico /$fGiorgio Maniaci 210 1$aTurin, [Italy] :$cG. Giappichelli Editore,$d2012. 210 4$d©2012 215 $a1 online resource (227 p.) 225 1 $aAnalisi e Diritto. Serie Teorica ;$v94 300 $aDescription based upon print version of record. 311 $a88-348-2964-6 320 $aIncludes bibliographical references. 327 $aCover; Quartino; Dedica; Indice; Guida per riconoscere i paternalisti; Capitolo I - Cos'e? il paternalismo giuridico; Capitolo II - Argomenti pro e contro il paternalismo; Capitolo III - Il lato oscuro dell'antipaternalismo; Bibliografia; Ultimato di Stampare; Volumi della collana 410 0$aAnalisi e diritto; A cura di P. Comanducci e R. Guastini 606 $aPaternalism 615 0$aPaternalism. 676 $a364.973 700 $aManiaci$b Giorgio$0297828 801 0$bMiAaPQ 801 1$bMiAaPQ 801 2$bMiAaPQ 906 $aBOOK 912 $a9910797333903321 996 $aContro il paternalismo giuridico$9265172 997 $aUNINA LEADER 01389nam0 22002653i 450 001 VAN00104371 005 20240806100725.910 010 $a978-88-85991-63-7 100 $a20151222d2015 |0itac50 ba 101 $aita 102 $aIT 105 $a|||| ||||| 200 1 $aRoma su Roma$ereimpiego architettonico, recupero dell'antico e trasformazioni urbane tra il 3. e il 13. secolo$fPatrizio Pensabene 210 $aCittą del Vaticano$cPontificio Istituto di Archeologia Cristiana$d2015 215 $aXXII, 1190 p.$cill.$d34 cm. 410 1$1001VAN00041723$12001 $aMonumenti di antichitą cristiana. 2. ser$1210 $aCittą del Vaticano$cPontificio istituto di archeologia cristiana ; New York$cNew York university, Institute of fine arts ; [poi] Cittą del Vaticano$cPontificio istituto di archeologia cristiana.$v22 620 $dCittą del Vaticano$3VANL000350 700 1$aPensabene$bPatrizio$3VANV008876$0154165 712 $aPontificio istituto di archeologia cristiana $3VANV110764$4650 801 $aIT$bSOL$c20250926$gRICA 899 $aBIBLIOTECA DEL DIPARTIMENTO DI LETTERE E BENI CULTURALI$1IT-CE0103$2VAN07 912 $aVAN00104371 950 $aBIBLIOTECA DEL DIPARTIMENTO DI LETTERE E BENI CULTURALI$d07CONS Ba Roma 1640 $e07UBL345 20151222 996 $aRoma su Roma$91410044 997 $aUNICAMPANIA LEADER 02793nam 2200565Ia 450 001 9911020120903321 005 20260227114225.0 010 $a9786610921768 010 $a9781280921766 010 $a1280921765 010 $a9783527611119 010 $a3527611118 010 $a9783527611126 010 $a3527611126 035 $a(CKB)1000000000376067 035 $a(EBL)482378 035 $a(OCoLC)173767478 035 $a(SSID)ssj0000239975 035 $a(PQKBManifestationID)11174143 035 $a(PQKBTitleCode)TC0000239975 035 $a(PQKBWorkID)10250513 035 $a(PQKB)10123955 035 $a(MiAaPQ)EBC482378 035 $a(Perlego)2774260 035 $a(EXLCZ)991000000000376067 100 $a20041013d2007 uy 0 101 0 $aeng 135 $aur|n|---||||| 181 $ctxt$2rdacontent 182 $cc$2rdamedia 183 $acr$2rdacarrier 200 10$aRules of thumb in engineering practice /$fDonald R. Woods 210 1$aWeinheim :$cWiley-VCH,$d[2007] 215 $a1 online resource (480 pages) 300 $aIncludes index. 311 08$a9783527312207 311 08$a352731220X 330 8 $aAn immense treasure trove containing hundreds of equipment symptoms, arranged so as to allow swift identification and elimination of the causes. These rules of thumb are the result of preserving and structuring the immense knowledge of experienced engineers collected and compiled by the author - an experienced engineer himself - into an invaluable book that helps younger engineers find their way from symptoms to causes. This sourcebook is unrivalled in its depth and breadth of coverage, listing five important aspects for each piece of equipment: * area of application * sizing guidelines * capital cost including difficult-to-find installation factors * principles of good practice, and * good approaches to troubleshooting. Extensive cross-referencing takes into account that some items of equipment are used for many different purposes, and covers not only the most familiar types, but special care has been taken to also include less common ones. Consistent terminology and SI units are used throughout the book, while a detailed index quickly and reliably directs readers, thus aiding engineers in their everyday work at chemical plants: from keywords to solutions in a matter of minutes. 606 $aEngineering$xMethodology 606 $aCivil engineering$xVocational guidance 615 0$aEngineering$xMethodology. 615 0$aCivil engineering$xVocational guidance. 700 $aWoods$b Donald R$0102565 801 0$bMiAaPQ 801 1$bMiAaPQ 801 2$bMiAaPQ 906 $aBOOK 912 $a9911020120903321 996 $aRules of thumb in engineering practice$94416908 997 $aUNINA